Statistics for Všechna města Slovenska s populací nad 10 tisíc (s mapou)

Click here to take the quiz!

General Stats

  • This quiz has been taken 458 times
  • The average score is 35 of 72

Answers on the Map

Answers color-coded by a green-red scale on the quiz's map according to % correct below.
 

Answer Stats

PopulaceMěsto% Correct
437,726Bratislava
100%
238,593Košice
99%
80,727Žilina
91%
78,084Banská Bystrica
87%
55,383Trenčín
86%
76,533Nitra
84%
51,235Poprad
84%
88,464Prešov
83%
65,033Trnava
79%
54,168Martin
76%
31,000Liptovský Mikuláš
72%
33,751Komárno
69%
32,834Humenné
63%
26,558Ružomberok
61%
38,776Michalovce
59%
37,512Nové Zámky
57%
37,007Spišská Nová Ves
57%
32,293Bardejov
56%
23,941Čadca
56%
42,167Zvolen
56%
22,684Dunajská Streda
52%
10,004Banská Štiavnica
51%
45,634Prievidza
51%
16,346Kežmarok
50%
39,270Považská Bystrica
49%
17,561Púchov
49%
17,467Malacky
48%
27,336Piešťany
48%
15,022Skalica
48%
20,071Nové Mesto nad Váhom
47%
19,963Senec
47%
20,289Senica
47%
14,722Levoča
46%
11,514Myjava
46%
23,751Rimavská Sobota
46%
24,649Trebišov
46%
27,739Lučenec
45%
19,520Snina
45%
32,735Levice
44%
24,785Topoľčany
44%
18,852Žiar nad Hronom
44%
18,665Dolný Kubín
43%
11,363Bytča
42%
23,034Pezinok
42%
14,953Kysucké Nové Mesto
41%
20,889Brezno
40%
23,550Dubnica nad Váhom
39%
14,990Galanta
39%
11,156Holíč
39%
10,186Štúrovo
39%
22,245Vranov nad Topľou
39%
12,700Sabinov
38%
21,689Šaľa
38%
15,444Sereď
37%
10,752Svidník
37%
19,045Rožňava
36%
16,327Stará Ľubovňa
36%
14,545Detva
34%
22,269Partizánske
34%
10,438Stropkov
33%
11,375Zlaté Moravce
33%
17,750Bánovce nad Bebravou
32%
10,568Fiľakovo
31%
11,949Revúca
30%
16,890Handlová
29%
21,301Hlohovec
29%
11,755Veľký Krtíš
29%
13,350Šamorín
26%
11,307Moldava nad Bodvou
25%
12,108Stupava
24%
10,586Kolárovo
23%
11,040Nová Dubnica
23%

Score Distribution

Percentile by Number Answered

Percent of People with Each Score

Your Score History

You have not taken this quiz